01064 2200325 4500001002100000005001500021035002000036007000300056008004100059020002200100082001500122084001700137100003200154245017400186250001300360300005600373650002300429700003200452504003300484264003000517336002100547337003000568338002300598040002200621090002200643850001200665999002200677440001700699990002200716INLIS00000000086906920220323021539 a0010-0322000735ta220323s2021 yoia g | ind d a978-623-01-1894-404223a001.42 a001.42 HUS m0 aHusen HendriyanaePengarang10aMetodologi penelitian penciptaan karya :bpractice-led research and practice-based research seni rupa, kriya, dan desain /cHusen Hendriyana; penyunting, Putri Christian aEdisi II axvi, 240 halaman :btabel, gambar berwarna ;c23 cm 4aPenelitian, Metode0 aPutri ChristianePenyunting aBibliografi: halaman 223-22731aYogyakarta :bAndi,c2021 2rdacontentateks 2rdamediaatanpa perantara 2rdacarrieravolume aYOPDYOGbinderda aCB-D.11 2021-2506 aYOPDYOG aCB-D.11/2021-2506 aEdisi revisi aCB-D.11/2021-2506